[Event "Dortmund Kleiner Koenig VM"]
[Site "Dortmund"]
[Date "2005.03.22"]
[Round "6"]
[White "Juergens, Ulrich"]
[Black "Holtmann, Rainer"]
[Result "0-1"]
[WhiteElo "1238"]
[BlackElo "1615"]
[PlyCount "56"]
[EventDate "2005.02.08"]
[EventType "tourn"]
[EventRounds "9"]
[EventCountry "GER"]
[SourceTitle "EXT 2007"]
[Source "ChessBase"]
[SourceDate "2006.11.23"]
[SourceVersion "1"]
[SourceVersionDate "2006.11.23"]
[SourceQuality "1"]

1. Nf3 d5 2. d4 Nf6 3. Nc3 Bf5 4. a3 e6 5. g3 Be7 6. Bg2 0-0 7. 0-0 c6 8. b4 h6 9. Bf4 Nbd7 10. e3 Nb6 11. Ne5 g5 12. e4 dxe4 13. Be3 Nbd5 14. Nxd5 cxd5 15. c3 Qc7 16. Rc1 b5 17. g4 Bh7 18. h3 Nd7 19. f4 Nxe5 20. fxe5 f6 21. exf6 Rxf6 22. Rxf6 Bxf6 23. Qf1 Qg3 24. Bd2 Rf8 25. Qxb5 e3 26. Be1 Qf4 27. Qe2 Be7 28. Bf3 Qxf3 0-1

[Event "Dortmund Kleiner Koenig VM"]
[Site "Dortmund"]
[Date "2005.02.22"]
[Round "3"]
[White "Vlatten, Andre"]
[Black "Juergens, Ulrich"]
[Result "1-0"]
[WhiteElo "1947"]
[BlackElo "1238"]
[PlyCount "87"]
[EventDate "2005.02.08"]
[EventType "tourn"]
[EventRounds "9"]
[EventCountry "GER"]
[SourceTitle "EXT 2007"]
[Source "ChessBase"]
[SourceDate "2006.11.23"]
[SourceVersion "1"]
[SourceVersionDate "2006.11.23"]
[SourceQuality "1"]

1. e4 e5 2. Nf3 Nc6 3. d4 d6 4. dxe5 dxe5 5. Qxd8+ Kxd8 6. Be3 a6 7. Nc3 Bb4 8. 0-0-0+ Bd6 9. Nd5 h6 10. Bb6 Bd7 11. Ne3 Nf6 12. Nc4 Nxe4 13. Bd3 Nxf2 14. Bxf2 Re8 15. Rhe1 b5 16. Nxd6 cxd6 17. Bb6+ Kc8 18. Be4 Re6 19. Rd2 Rb8 20. Bf2 g6 21. Red1 Kc7 22. Bc5 Nd4 23. Bxd4 exd4 24. Bd5 Rf6 25. Rxd4 Rb6 26. Bb3 g5 27. Nd2 Rf2 28. Ne4 Re2 29. Nxd6 f5 30. Nc4 Re7 31. Rxd7+ Rxd7 32. Rxd7+ Kxd7 33. Nxb6+ Kd6 34. c4 bxc4 35. Nxc4+ Kc7 36. Kd2 Kd7 37. Ke3 Ke6 38. Kd4 f4 39. h3 Kf5 40. Nd6+ Kg6 41. a4 h5 42. Ke5 h4 43. Bc2+ Kh6 44. Kf6 1-0

[Event "Dortmund6"]
[Site "Dortmund"]
[Date "2003.11.05"]
[Round "7"]
[White "Juergens, Ulrich"]
[Black "Krueger, Sven"]
[Result "1-0"]
[WhiteElo "1081"]
[BlackElo "1204"]
[PlyCount "23"]
[EventDate "2003.10.01"]
[EventType "tourn"]
[EventRounds "13"]
[EventCountry "GER"]
[SourceTitle "EXT 2007"]
[Source "ChessBase"]
[SourceDate "2006.11.23"]
[SourceVersion "1"]
[SourceVersionDate "2006.11.23"]
[SourceQuality "1"]

1. Nf3 c5 2. e4 Nc6 3. Nc3 e6 4. d3 Be7 5. Bf4 d6 6. e5 dxe5 7. Nxe5 Nxe5 8. Bxe5 b6 9. Bxg7 Bf6 10. Bxh8 Bxh8 11. Qf3 Rb8 12. Qg3 1-0

[Event "Dortmund1"]
[Site "Dortmund"]
[Date "2001.06.22"]
[Round "13"]
[White "Juergens, Ulrich"]
[Black "Ortlepp, Olaf"]
[Result "0-1"]
[WhiteElo "1149"]
[BlackElo "1243"]
[PlyCount "58"]
[EventDate "2001.04.25"]
[EventType "tourn"]
[EventRounds "13"]
[EventCountry "GER"]
[SourceTitle "EXT 2007"]
[Source "ChessBase"]
[SourceDate "2006.11.23"]
[SourceVersion "1"]
[SourceVersionDate "2006.11.23"]
[SourceQuality "1"]

1. d4 Nf6 2. Nf3 d5 3. c3 Nc6 4. Bf4 Bd7 5. Na3 a6 6. Qb3 Rb8 7. Be5 e6 8. Qd1 Bd6 9. Bxd6 cxd6 10. Qd3 Ne4 11. g3 0-0 12. Bg2 f5 13. h4 Ne7 14. e3 Qa5 15. Nc2 Bb5 16. Qd1 Qc7 17. Ng5 Bd7 18. 0-0 h6 19. Nf3 Bb5 20. Re1 Be8 21. Nd2 Nf6 22. Bf3 e5 23. dxe5 dxe5 24. a4 Rd8 25. Nb4 e4 26. Bg2 Bh5 27. Qb1 Kh7 28. f4 exf3 29. Kh2 Ng4+ 0-1

[Event "Dortmund1"]
[Site "Dortmund"]
[Date "2001.05.25"]
[Round "7"]
[White "Heckers, Uwe"]
[Black "Juergens, Ulrich"]
[Result "1-0"]
[WhiteElo "1251"]
[BlackElo "1149"]
[PlyCount "79"]
[EventDate "2001.04.25"]
[EventType "tourn"]
[EventRounds "13"]
[EventCountry "GER"]
[SourceTitle "EXT 2007"]
[Source "ChessBase"]
[SourceDate "2006.11.23"]
[SourceVersion "1"]
[SourceVersionDate "2006.11.23"]
[SourceQuality "1"]

1. c4 e5 2. Nc3 Nc6 3. g3 d6 4. Bg2 Be6 5. d3 g6 6. Nf3 Nf6 7. Bg5 Bg7 8. Qd2 0-0 9. 0-0 Qd7 10. Rfd1 b6 11. Rab1 Rab8 12. b3 Bf5 13. Nh4 Ne7 14. Nxf5 Qxf5 15. Bxf6 Bxf6 16. Nb5 a5 17. Nxc7 Qc8 18. Nb5 Qc5 19. b4 axb4 20. Qxb4 Qxb4 21. Rxb4 Rfd8 22. Rdb1 d5 23. Nc7 dxc4 24. Rxc4 Rd6 25. Nb5 Rd7 26. Rcb4 Nd5 27. Rc4 Bd8 28. Bxd5 Rxd5 29. Nc3 Ra5 30. Rb5 Bf6 31. a4 Raa8 32. Nd5 Bd8 33. f4 exf4 34. gxf4 Ra7 35. e4 Ra6 36. Kf2 Rba8 37. Rbb4 b5 38. Rxb5 Rxa4 39. Rxa4 Rxa4 40. Rb8 1-0

[Event "Dortmund1"]
[Site "Dortmund"]
[Date "2001.04.28"]
[Round "2"]
[White "Juergens, Ulrich"]
[Black "Winkler, Harald"]
[Result "0-1"]
[WhiteElo "1149"]
[BlackElo "1250"]
[PlyCount "86"]
[EventDate "2001.04.25"]
[EventType "tourn"]
[EventRounds "13"]
[EventCountry "GER"]
[SourceTitle "EXT 2007"]
[Source "ChessBase"]
[SourceDate "2006.11.23"]
[SourceVersion "1"]
[SourceVersionDate "2006.11.23"]
[SourceQuality "1"]

1. Nf3 g6 2. d4 d5 3. e3 Nf6 4. g3 Bf5 5. Nbd2 Nbd7 6. Bg2 Bg4 7. c3 c6 8. Qb3 Bxf3 9. Bxf3 Qc7 10. c4 Qb6 11. c5 Qxb3 12. Nxb3 Bg7 13. 0-0 0-0 14. Bd2 Rfe8 15. Bc3 e5 16. dxe5 Nxe5 17. Be2 Ned7 18. Bd4 Ne4 19. Rfd1 Bxd4 20. exd4 Nexc5 21. Nxc5 Nxc5 22. dxc5 Rxe2 23. b4 Rae8 24. a3 Rc2 25. Re1 Ree2 26. Rxe2 Rxe2 27. a4 f5 28. Kg2 Kf7 29. b5 Rc2 30. Rb1 Rxc5 31. bxc6 b6 32. Rd1 Ke7 33. c7 Kd6 34. Re1 Rxc7 35. Ra1 d4 36. Kf1 Kd5 37. h4 d3 38. Ke1 Kd4 39. a5 Rc2 40. axb6 axb6 41. Kd1 Rxf2 42. Ke1 Rc2 43. Rd1 Ke3 0-1

[Event "Dortmund ABC Anfaenger 14th"]
[Site "Dortmund"]
[Date "2000.11.24"]
[Round "11"]
[White "Skoecz, Horst"]
[Black "Juergens, Ulrich"]
[Result "1-0"]
[WhiteElo "1202"]
[BlackElo "1061"]
[PlyCount "101"]
[EventDate "2000.??.??"]
[EventType "tourn"]
[EventRounds "13"]
[EventCountry "GER"]
[SourceTitle "EXT 2003"]
[Source "ChessBase"]
[SourceDate "2002.11.25"]
[SourceVersion "1"]
[SourceVersionDate "2002.11.25"]
[SourceQuality "1"]

1. d4 d5 2. Nc3 e6 3. a3 Be7 4. Nf3 Nc6 5. Bf4 g5 6. Bg3 f6 7. Nb5 Bd6 8. e3 h6 9. Be2 Qe7 10. Nd2 Bd7 11. Nxc7+ Bxc7 12. Bxc7 e5 13. Bh5+ Kf8 14. dxe5 Nxe5 15. Ba5 Qe6 16. Bb4+ Ne7 17. Nb3 Qf5 18. Nd4 Qe4 19. Bf3 Nxf3+ 20. Qxf3 Qe5 21. 0-0 Kg7 22. Bxe7 Qxe7 23. Qxd5 b6 24. Nf5+ Bxf5 25. Qxf5 Rad8 26. Rad1 Rd6 27. Rxd6 Qxd6 28. Qd3 Qe7 29. Rd1 Rf8 30. Qb5 Rd8 31. Rd3 Rxd3 32. cxd3 Qc7 33. Qc4 Qb7 34. b4 b5 35. Qc3 a5 36. bxa5 Qf7 37. Qb2 Qd7 38. d4 Qd5 39. f3 Qc4 40. Kf2 Qd3 41. a6 b4 42. axb4 Qxa6 43. b5 Qb6 44. Qb4 Qe6 45. Qb2 Qb6 46. d5 Kf7 47. Qb4 f5 48. f4 gxf4 49. Qxf4 Kg6 50. g4 fxg4 51. Qxg4+ 1-0

[Event "Dortmund ABC Anfaenger 14th"]
[Site "Dortmund"]
[Date "2000.11.10"]
[Round "8"]
[White "Quaeschling, Udo"]
[Black "Juergens, Ulrich"]
[Result "1-0"]
[WhiteElo "1123"]
[BlackElo "1061"]
[PlyCount "31"]
[EventDate "2000.??.??"]
[EventType "tourn"]
[EventRounds "13"]
[EventCountry "GER"]
[SourceTitle "EXT 2003"]
[Source "ChessBase"]
[SourceDate "2002.11.25"]
[SourceVersion "1"]
[SourceVersionDate "2002.11.25"]
[SourceQuality "1"]

1. d4 d5 2. c4 dxc4 3. Nc3 c6 4. a4 a5 5. e4 e6 6. Bxc4 Bb4 7. Nge2 Nf6 8. 0-0 Bxc3 9. Nxc3 0-0 10. Bg5 Qb6 11. e5 Nd5 12. Qg4 g6 13. Qh4 Qxb2 14. Qh6 Nd7 15. Nxd5 cxd5 16. Bf6 1-0